[Event "Wiesbaden op 29th"]
[Site "Wiesbaden"]
[Date "2017.08.26"]
[Round "4"]
[White "Conrad, Nico"]
[Black "Wuest, Carolin"]
[Result "0-1"]
[WhiteElo "1386"]
[BlackElo "1566"]
[PlyCount "134"]
[EventDate "2017.08.24"]
[EventType "swiss"]
[EventRounds "7"]
[EventCountry "GER"]
[SourceTitle "CBM 180 Extra"]
[Source "ChessBase"]
[SourceDate "2017.10.06"]
[SourceVersion "1"]
[SourceVersionDate "2017.10.06"]
[SourceQuality "1"]

1. e4 d5 2. exd5 Qxd5 3. Qf3 Qa5 4. Bc4 Nf6 5. Nc3 c6 6. d3 Bg4 7. Qg3 Nbd7 8. Bd2 Qe5+ 9. Qxe5 Nxe5 10. f3 Nxc4 11. dxc4 Bf5 12. 0-0-0 e6 13. a3 Be7 14. Bg5 Nd7 15. Bxe7 Kxe7 16. Nge2 Rhd8 17. Rhe1 Nf6 18. Ng3 Bg6 19. f4 Kf8 20. Na4 b6 21. b4 h6 22. Nb2 Rac8 23. Nd3 Bxd3 24. Rxd3 Rxd3 25. cxd3 Rd8 26. Kc2 b5 27. Rd1 Ng4 28. Nf1 Rd4 29. cxb5 cxb5 30. h3 Nf6 31. f5 exf5 32. Ne3 g6 33. Kc3 Rd7 34. Rf1 Nh5 35. Nc2 Nf6 36. Nd4 Nd5+ 37. Kd2 Nxb4 38. axb4 Rxd4 39. Kc3 Rd8 40. Re1 Re8 41. Rxe8+ Kxe8 42. Kd4 Ke7 43. Kc5 g5 44. Kxb5 g4 45. hxg4 fxg4 46. Ka6 h5 47. Kxa7 h4 48. b5 h3 49. gxh3 gxh3 50. b6 h2 51. b7 h1Q 52. b8Q Qa1+ 53. Kb7 Qb2+ 54. Kc7 Qxb8+ 55. Kxb8 Kd6 56. Kc8 f5 57. Kb7 f4 58. Kb6 Kd5 59. Kb5 Kd4 60. Kb4 Kxd3 61. Kb3 f3 62. Kb2 f2 63. Ka2 f1Q 64. Kb2 Kc4 65. Kc2 Qe2+ 66. Kb1 Kb3 67. Kc1 Qc2# 0-1